header

Archaeology and capitalism (Record no. 104759)

MARC details
000 -LEADER
fixed length control field 04003nam a22004814a 4500
082 04 - DEWEY DECIMAL CLASSIFICATION NUMBER
Classification number 930.1
245 00 - TITLE STATEMENT
Title Archaeology and capitalism
260 ## - PUBLICATION, DISTRIBUTION, ETC. (IMPRINT)
Place of publication Walnut Creek, Calif. :
Name of publisher Left Coast Press,
Year of publication c2007.
300 ## - PHYSICAL DESCRIPTION
Number of Pages 298 p. :
Other physical details ill., maps.
490 1# - SERIES STATEMENT
Series statement One world archaeology series ;
500 ## - GENERAL NOTE
General note Based on papers submitted to a symposium held at the 5th World Archaeological Congress in Washington, D.C. in 2003.
650 #0 - SUBJECT ADDED ENTRY--TOPICAL TERM
Topical Term Archaeology
Topical Term Archaeology
Topical Term Archaeologists
Topical Term Antiquities
Topical Term Archaeology
Topical Term Archaeology
Topical Term Postcolonialism
Topical Term Capitalism
Topical Term Capitalism
Topical Term Capitalism
700 1# - ADDED ENTRY--PERSONAL NAME
Personal name Hamilakis, Yannis,
Personal name Duke, P. G.
856 40 - ELECTRONIC LOCATION AND ACCESS
Uniform Resource Identifier http://site.ebrary.com/lib/rucke/Doc?id=10359342

No items available.

© 2026 Rongo University
Contact us: librarian | system librarian | Rongo university